00436nam a2200157 a 450000100100000000500170001000800410002704000250006808200160009310000300010924500420013926000330018130000200021465000200023465000240025400003471420200930073846.0111019s1972 fr 000 f spa d aDO-SdBNPbspacBNPHU a843.8bZ86a1 aZola, Émilied1840-190210aAu bonheur des dames /cÉmile Zola. aParís :bFasquelle,c1972. a504 p. ;c17cm. 4aNovela francesa 4aLiteratura francesa